[Event "IECG QE.2002.0.00026"]
[Site "IECG email"]
[Date "2002.09.01"]
[Round "?"]
[White "Collins, Thomas Jr"]
[Black "Kates, Frank"]
[Result "1-0"]
[WhiteElo "1297"]
[BlackElo "1340"]
[PlyCount "29"]
[EventDate "2002.09.01"]
[EventType "tourn (corr)"]
[EventRounds "6"]
[SourceTitle "Corr 2008"]
[Source "ChessBase"]
[SourceDate "2008.06.24"]
[SourceVersion "1"]
[SourceVersionDate "2008.06.24"]
[SourceQuality "1"]

1. c4 e5 2. Qc2 d5 3. cxd5 Qxd5 4. Nc3 Qd8 5. d3 Bb4 6. a3 Bxc3+ 7. Qxc3 Nc6 8. Nf3 f6 9. g3 Bg4 10. Bg2 Qd7 11. Qb3 Na5 12. Qb4 0-0-0 13. Qxa5 a6 14. Qb4 Qd6 15. Qxg4+ 1-0

[Event "IECG QE.2002.0.00026"]
[Site "IECG email"]
[Date "2002.09.01"]
[Round "?"]
[White "Kates, Frank"]
[Black "Genilo, Jose Amado T"]
[Result "0-1"]
[WhiteElo "1340"]
[BlackElo "1367"]
[PlyCount "32"]
[EventDate "2002.09.01"]
[EventType "tourn (corr)"]
[EventRounds "6"]
[SourceTitle "Corr 2008"]
[Source "ChessBase"]
[SourceDate "2008.06.24"]
[SourceVersion "1"]
[SourceVersionDate "2008.06.24"]
[SourceQuality "1"]

1. e4 e6 2. d4 d5 3. e5 c5 4. Nf3 cxd4 5. Nxd4 Nc6 6. Nxc6 bxc6 7. Be3 Bd7 8. c4 Ne7 9. Bc5 Qa5+ 10. b4 Qc7 11. Bxe7 Bxe7 12. c5 Qxe5+ 13. Be2 Qxa1 14. Qc2 Rb8 15. 0-0 Rxb4 16. Nc3 Qb2 0-1